Statistiken für Bundespräsidenten der BRD seit 1949

Klicken Sie hier um das Quiz zu spielen!

Allgemein

  • Dieses Quiz wurde 132 mal gespielt
  • Das Durchschnittsergebnis liegt bei 8 aus 12

Antwortstatistiken

JahreszahlAmtsinhaber% Korrekt
seit 2017Frank-Walter Steinmeier
87%
2012-2017Joachim Gauck
79%
1999-2004Johannes Rau
75%
1949-1959Theodor Heuss
75%
2010-2012Christian Wulff
69%
1974-1979Walter Scheel
66%
2004-2010Horst Köhler
61%
1959-1969Heinrich Lübke
60%
1984-1994Richard von Weizsäcker
59%
1969-1974Gustav Heinemann
55%
1994-1999Roman Herzog
54%
1979-1984Karl Carstens
52%

Verteilung der Resultate

Perzentil nach korrekt beantworteten Fragen

Anzahl Personen mit jedem Resultat

Ihre Resultats-Entwicklung

Sie haben dieses Quiz noch nicht gespielt